Ambientes extremos de Colombia (Registro nro. 7412)

Detalles MARC
000 -CABECERA
Campo de control 00532nam a2200193 a 4500
005 - FECHA Y HORA DE LA ULTIMA TRANSACCION
Campo de control 20150827020003.0
008 - ELEMENTOS DE LONGITUD FIJA—INFORMACION GENERAL
Campo de control s2012 000 spa d
020 ## - ISBN
ISBN 9789589916933
041 ## - IDIOMA
Código de idioma para texto/pista de sonido o título separado Español
044 ## - PAÍS DE PUBLICACIÓN
País de publicación Colombia
082 ## - NUMERO DE CLASIFICACION DECIMAL DEWEY
Número de clasificación 577
Número del ítem A492a
100 ## - ASIENTO PRINCIPAL--NOMBRE PERSONAL
Nombre personal Díaz Merlano, Juan manuel
245 #0 - MENCION DE TITULO
Título Ambientes extremos de Colombia
260 ## - PUBLICACION, DISTRIBUCION, ETC. (PIE DE IMPRENTA)
Lugar de publicación, distribución, etc. Bogotá
Nombre del editor, distribuidor, etc. Banco de Occidente
Fecha de publicación, distribución, etc. 2012
300 ## - DESCRIPCION FISICA
Extensión 207 p.
Otros detalles físicos il.
Dimensiones 45 cm.
650 ## - ASIENTO SECUNDARIO DE MATERIA - TERMINO TEMATICO
Término temático o nombre geográfico como elemento de entrada Ecología
Subdivisión geográfica Colombia
650 ## - ASIENTO SECUNDARIO DE MATERIA - TERMINO TEMATICO
Término temático o nombre geográfico como elemento de entrada Paisaje natural
Subdivisión geográfica Colombia
942 ## - ELEMENTOS ADICIONALES (KOHA)
Sistema de clasificación Dewey Decimal Classification
Tipo de ítem
Koha issues (borrowed), all copies 2
Existencias
Withdrawn status Lost status Sistema de Clasificación Damaged status No para préstamo Colección Inventariado Ubicación Permanente Ubicación actual Fecha de adquisición Fuente de Valor Valor Total Checkouts Número topográfico Inventario / Código de Barras Date last seen Date checked out Ejemplar Price effective from Forma de adquisición Tipo de material
    Dewey Decimal Classification     General Inventariado 2017 Bogotá Bogotá 22/07/2013 Instituto 39000.00 2 LB-577 A492a 058269 26/08/2015 26/08/2015 Ej. 1 22/07/2013   Libro